00864nam a2200241Ia 4500001000600000003000900006008004100015040001300056040001300069041001300082100002000095100002900115245003100144245004700175250001100222260001400233260001200247260004900259300005900308500019900367650002500566650003100591G5188IT-RoPAU130308s9999 xx 000 0 und d aIT-RoPAU cIT-RoPAU aITALIANO aGrafton Anthony gCodice Aut. SPICS: 54997 aUmanista come lettore (L') bStoria della Lettura nel Mondo Occidentale a2a ed. aROMA/BARI bLaterza c1999 [1° Ed.:1995 - Ed.Ling.Originale:1995] a"44 p. (prefazione: no ; testo: 44 [pagine: 199-242])" aLibri da Spiaggia e da Campo di Battaglia. testo Non Mediato. classicismo e Classici. testo e Cornice. Cartolai, Tipografi e Lettori. maestro di Scuola e Lettore. Huet: Fine di una Tradizione. aSAGGI DI LINGUISTICA eCodice materia Spics: 3207